000 00476cam a2200181ua 4500
001 1416
008 110708n ii |||gr||||Z||||||eng
040 _cMAIN
082 _a338.542
100 1 _aGhose, Biswanath,
_eAuthor.
245 0 _aEconomics enviroment of business
_cby biswanath ghose
250 _a2nd.
260 _aNew Delhi:
_bVikas Publishing House pvt. ltd,
_c2004.
300 _a439p:
_c23cm.
653 _aEconomics
653 _aBusiness economics
942 _cBK
999 _c1307
_d1307